[Event "ICS rated blitz match"]
[Site "204.178.125.65"]
[Date "2000.10.12"]
[Round "?"]
[White "Hossa"]
[Black "QueenMaxima"]
[Result "0-1"]
[WhiteElo "2494"]
[BlackElo "2589"]
[PlyCount "162"]
[EventDate "2000.??.??"]

1. e4 c5 2. Nf3 e6 3. d4 cxd4 4. Nxd4 Nc6 5. Nc3 Qc7 6. Be3 Nf6 7. Bd3 a6 8.
Nxc6 bxc6 9. Na4 c5 10. f3 c4 11. Be2 d5 12. Nb6 Rb8 13. Nxc8 Rxc8 14. c3 dxe4
15. Qa4+ Qc6 16. Qxc6+ Rxc6 17. Bd1 Rd6 18. Ba4+ Kd8 19. Kf2 exf3 20. gxf3 Rd3
21. Bc2 Rd5 22. Rad1 Bd6 23. Bd4 Ke7 24. b3 Ra5 25. Ra1 Rc8 26. bxc4 Rxc4 27.
Bb3 Rc8 28. Rac1 Rh5 29. h4 Bc5 30. Bxc5+ Rhxc5 31. c4 Ne8 32. Rhg1 Rh5 33. Rg4
h6 34. a3 Ra5 35. a4 Rh5 36. Ke2 Nd6 37. Kf2 g6 38. Re1 Rhc5 39. Rc1 e5 40. Kg1
h5 41. Rg2 Nf5 42. Rh2 Nd4 43. Rc3 Nxb3 44. Rxb3 Rxc4 45. Ra3 Rd8 46. Ra1 Rd3
47. Re1 f6 48. Rh3 Rxa4 49. Kg2 Rd2+ 50. Kg3 a5 51. Rhh1 Rd3 52. Kf2 Raa3 53.
Rh3 Rab3 54. Rg3 a4 55. Re2 Ke6 56. Ra2 a3 57. Re2 Kf5 58. Rc2 Rd1 59. Ke2 Rh1
60. Rg2 Rb2 61. Ke3 a2 62. Rxb2 a1=Q 63. Rbd2 Qa7+ 64. Kd3 Qa6+ 65. Kc3 Rc1+
66. Rc2 Qa3+ 67. Kc4 Qa4+ 68. Kc3 Rb1 69. Rb2 Qa3+ 70. Kc4 Rxb2 71. Rxb2 Qxb2
72. Kd5 Qd4+ 73. Kc6 Kf4 74. Kb5 Kxf3 75. Kc6 e4 76. Kc7 e3 77. Kb7 Qc5 78. Ka6
e2 79. Kb7 e1=Q 80. Ka8 Qa1+ 81. Kb7 Qaa7# {Hossa checkmated} 0-1

[Event "ICS rated blitz match"]
[Site "204.178.125.65"]
[Date "2000.10.12"]
[Round "?"]
[White "Colorado"]
[Black "Hossa"]
[Result "1-0"]
[WhiteElo "2691"]
[BlackElo "2482"]
[PlyCount "81"]
[EventDate "2000.??.??"]

1. e4 c5 2. Nf3 e6 3. d4 cxd4 4. Nxd4 Nc6 5. Nc3 Qc7 6. Be2 a6 7. O-O Nf6 8.
Be3 Be7 9. f4 d6 10. Qe1 O-O 11. Qg3 Bd7 12. Kh1 Nxd4 13. Bxd4 Bc6 14. Rae1 b6
15. e5 dxe5 16. Bxe5 Qd7 17. f5 exf5 18. Bd3 f4 19. Qxf4 Qh3 20. Re2 Nh5 21.
Qc4 Qd7 22. Bf5 Qb7 23. Qg4 Nf6 24. Qh4 h6 25. Qg3 Rad8 26. Bd3 Ne8 27. Rfe1
Bc5 28. Bf4 Kh8 29. Qh3 Bd7 30. Qh4 Rc8 31. Bxh6 f5 32. Be3+ Kg8 33. Bc4+ Rf7
34. Bxc5 bxc5 35. Nd5 g6 36. Qh6 Qxd5 37. Bxd5 Ng7 38. Bxf7+ Kf8 39. Re7 Be6
40. R1xe6 Re8 41. Qh8# {Hossa checkmated} 1-0

[Event "ICS rated blitz match"]
[Site "204.178.125.65"]
[Date "2000.10.12"]
[Round "?"]
[White "Hossa"]
[Black "Zippy"]
[Result "1-0"]
[WhiteElo "2475"]
[BlackElo "2469"]
[PlyCount "137"]
[EventDate "2000.??.??"]

1. e4 c5 2. Nf3 e6 3. d4 cxd4 4. Nxd4 a6 5. Nc3 Qc7 6. Be2 Bb4 7. Bd2 Nf6 8.
Nf3 Bxc3 9. Bxc3 Nxe4 10. Qd4 Nxc3 11. Qxg7 Rf8 12. bxc3 h6 13. O-O Qf4 14.
Rad1 Nc6 15. c4 b6 16. Rfe1 Rb8 17. Bd3 f5 18. Qg6+ Rf7 19. Qg8+ Ke7 20. Qh8
Bb7 21. Qb2 Rg8 22. Be2 Nd8 23. Rd4 Qc7 24. Red1 Ke8 25. Ne1 Nc6 26. Rd6 Rh7
27. Bh5+ Ke7 28. Rxd7+ Qxd7 29. Rxd7+ Kxd7 30. Qxb6 Nd8 31. Bf3 Ke8 32. g3 Rd7
33. Bxb7 Rxb7 34. Qxa6 Rb1 35. Kf1 Rg7 36. Ke2 Rc7 37. Nf3 Nc6 38. Qa3 Rb6 39.
Qd6 Rd7 40. Qc5 Rdb7 41. Ne5 Nxe5 42. Qxe5 Kf7 43. Qe3 Rb2 44. Qxh6 Rxc2+ 45.
Kd3 Rbb2 46. Qh7+ Kf6 47. Qh4+ Kf7 48. Qh5+ Ke7 49. Qg5+ Kf7 50. h3 Rxf2 51.
Qh5+ Ke7 52. Qh4+ Kd7 53. Qd4+ Kc6 54. Qe3 e5 55. Qh6+ Kd7 56. Qg7+ Ke6 57.
Qg6+ Ke7 58. c5 e4+ 59. Kd4 Rxa2 60. Qd6+ Kf7 61. Ke5 e3 62. Qc7+ Ke8 63. Kf6
Ra6+ 64. c6 Rxc6+ 65. Qxc6+ Kd8 66. Ke6 Rd2 67. Qb7 Rd6+ 68. Kxd6 f4 69. Qb8# {
Zippy checkmated} 1-0

[Event "ICS rated blitz match"]
[Site "204.178.125.65"]
[Date "2000.10.12"]
[Round "?"]
[White "Zippy"]
[Black "Hossa"]
[Result "1-0"]
[WhiteElo "2453"]
[BlackElo "2491"]
[PlyCount "155"]
[EventDate "2000.??.??"]

1. e4 e5 2. Nf3 Nc6 3. Bb5 a6 4. Ba4 Nf6 5. O-O Be7 6. Bxc6 dxc6 7. Nxe5 Nxe4
8. d3 Nf6 9. Nc3 O-O 10. Re1 Re8 11. Qf3 Be6 12. Qg3 Nh5 13. Qf3 Nf6 14. Bg5
Nd5 15. Bxe7 Qxe7 16. Ne4 Nb4 17. Re2 Bxa2 18. d4 Bd5 19. c3 f6 20. cxb4 fxe5
21. dxe5 Qxe5 22. Rae1 Rf8 23. Qc3 Qf5 24. f3 Qf4 25. Nc5 Qg5 26. Kh1 Rfb8 27.
Re5 Qg6 28. Re7 Re8 29. Rxe8+ Rxe8 30. Nxb7 Rxe1+ 31. Qxe1 Qe6 32. Qxe6+ Bxe6
33. Nc5 Bc8 34. Kg1 Kf7 35. Kf2 Kf6 36. f4 Ke7 37. Ke3 Kd6 38. Kd4 h6 39. h3 h5
40. h4 g6 41. g3 Ke7 42. Ke5 Kf7 43. b3 Ke7 44. Kd4 Kd6 45. Kc4 Bh3 46. Ne4+
Kd7 47. Kd4 Ke7 48. Nc5 Bc8 49. Nd3 Kd6 50. Ne5 Bf5 51. Nc4+ Ke6 52. Na5 Kd6
53. Nb7+ Ke7 54. Kc5 Be4 55. Na5 Ke6 56. Nxc6 Bxc6 57. Kxc6 Kf5 58. Kxc7 Kg4
59. Kb6 Kxg3 60. Kxa6 Kxh4 61. b5 Kg3 62. b6 Kxf4 63. b4 g5 64. b7 Ke4 65. b8=Q
g4 66. Qe8+ Kf4 67. Qxh5 g3 68. Qg6 Kf3 69. b5 Kf2 70. b6 Kf3 71. b7 g2 72.
Qd3+ Kg4 73. Qe4+ Kh3 74. Qf5+ Kh2 75. b8=Q+ Kg1 76. Qb6+ Kh2 77. Qf4+ Kh1 78.
Qh4# {Hossa checkmated} 1-0

[Event "ICS rated blitz match"]
[Site "204.178.125.65"]
[Date "2000.10.12"]
[Round "?"]
[White "Hossa"]
[Black "BvdDonk"]
[Result "1-0"]
[WhiteElo "2473"]
[BlackElo "1966"]
[PlyCount "45"]
[EventDate "2000.??.??"]

1. e4 c5 2. Nf3 e6 3. d4 cxd4 4. Nxd4 Nc6 5. Nc3 a6 6. Nxc6 dxc6 7. Qxd8+ Kxd8
8. Bf4 Bb4 9. O-O-O+ Ke7 10. Na4 Ba5 11. b4 b5 12. bxa5 bxa4 13. Bd6+ Ke8 14.
Bc4 Nf6 15. f3 Ra7 16. Rd2 Nh5 17. Kb2 g6 18. g4 Ng7 19. Rhd1 f5 20. Bc5 Rd7
21. Rxd7 Bxd7 22. gxf5 exf5 23. Bd4 {BvdDonk resigns} 1-0

[Event "ICS rated blitz match"]
[Site "204.178.125.65"]
[Date "2000.10.12"]
[Round "?"]
[White "Colorado"]
[Black "Hossa"]
[Result "1/2-1/2"]
[WhiteElo "2698"]
[BlackElo "2475"]
[PlyCount "84"]
[EventDate "2000.??.??"]

1. e4 e5 2. Nf3 Nc6 3. Bc4 Bc5 4. b4 Bxb4 5. c3 Ba5 6. d4 d6 7. Qb3 Qd7 8. dxe5
dxe5 9. Ba3 Bb6 10. Nbd2 Na5 11. Qc2 Nxc4 12. Nxc4 f6 13. O-O Qf7 14. Qa4+ Bd7
15. Qb3 Ne7 16. Rfd1 Be6 17. Qa4+ Nc6 18. Nxb6 cxb6 19. Qc2 Qh5 20. Qe2 Rc8 21.
h3 Na5 22. Bb4 Nc4 23. Rd3 a5 24. Bd6 b5 25. Rad1 b6 26. a3 Ra8 27. Rb1 Rd8 28.
Rbd1 Rd7 29. Kh2 Bg4 30. Rd5 Bxf3 31. gxf3 Kf7 32. a4 Rc8 33. axb5 Ke8 34. Bc5
Rxd5 35. Rxd5 bxc5 36. Qxc4 Qxf3 37. Rxe5+ fxe5 38. Qe6+ Kd8 39. Qd6+ Ke8 40.
Qe6+ Kd8 41. Qd6+ Ke8 42. Qe6+ Kd8 {Game drawn by repetition} 1/2-1/2

[Event "ICS rated bullet match"]
[Site "204.178.125.65"]
[Date "2000.10.12"]
[Round "?"]
[White "JSBach"]
[Black "Hossa"]
[Result "0-1"]
[WhiteElo "2098"]
[BlackElo "2403"]
[PlyCount "54"]
[EventDate "2000.??.??"]

1. e4 e5 2. Nf3 Nc6 3. Bc4 Bc5 4. O-O Nf6 5. Nc3 d6 6. Ng5 O-O 7. h3 a6 8. Na4
Bd4 9. c3 Ba7 10. Qb3 Qe7 11. d3 b5 12. Bxf7+ Rxf7 13. Nxf7 Qxf7 14. Qa3 Bd7
15. Bg5 bxa4 16. Qxa4 Nh5 17. Bh4 Nf4 18. Qc2 Qg6 19. g3 Nxh3+ 20. Kh1 Qf7 21.
f4 exf4 22. gxf4 Nxf4 23. Qa4 Qe6 24. Rf3 Qg4 25. Rf2 Qh3+ 26. Rh2 Qf3+ 27. Rg2
Qxg2# {JSBach checkmated} 0-1

[Event "ICS rated blitz match"]
[Site "204.178.125.65"]
[Date "2000.10.12"]
[Round "?"]
[White "counterplay"]
[Black "Hossa"]
[Result "1-0"]
[WhiteElo "2798"]
[BlackElo "2485"]
[PlyCount "173"]
[EventDate "2000.??.??"]

1. e4 c5 2. Nf3 e6 3. d4 cxd4 4. Nxd4 Nc6 5. Nc3 Qc7 6. Be3 Nf6 7. Bd3 a6 8.
O-O Bd6 9. g3 O-O 10. Nxc6 dxc6 11. Na4 c5 12. e5 Bxe5 13. Bxc5 Re8 14. Re1 b5
15. Qe2 Bxb2 16. Nxb2 Qxc5 17. c4 Bd7 18. cxb5 axb5 19. Rec1 Qd5 20. Rd1 Qc6
21. Rac1 Qb7 22. Bb1 e5 23. Rd6 Bg4 24. Qe3 Bh3 25. f3 Qe7 26. Rdc6 Qb4 27. Nd3
Qd4 28. Qxd4 exd4 29. Nf4 Be6 30. Nxe6 Rxe6 31. Rc8+ Rxc8 32. Rxc8+ Re8 33. Rc5
Rb8 34. Bd3 b4 35. Rc4 h6 36. Rxd4 Kf8 37. Bc4 Ra8 38. Kf2 Rb8 39. Bb3 Ke7 40.
g4 g6 41. Ke3 g5 42. h3 h5 43. f4 gxf4+ 44. Rxf4 Rb5 45. Kf3 h4 46. Kf2 Re5 47.
Rxb4 Ne4+ 48. Kg2 Nd6 49. Kf3 Rc5 50. Rf4 Rc3+ 51. Kg2 Re3 52. Rf3 Re2+ 53. Kf1
Rb2 54. Ke1 Rb1+ 55. Kd2 Rg1 56. Bd5 Rb1 57. Bb3 Rg1 58. Kd3 f5 59. gxf5 Kf6
60. Be6 Rg3 61. Rxg3 hxg3 62. Ke3 Ne4 63. Kf3 Kg5 64. Kg2 Kf4 65. a4 Nc5 66. a5
Kg5 67. Kxg3 Kh5 68. Kf4 Nd3+ 69. Ke4 Nb4 70. Kd4 Na6 71. Kc4 Nc7 72. Kc5 Kg5
73. Kb6 Ne8 74. h4+ Kg4 75. f6+ Kg3 76. f7 Nf6 77. f8=Q Nh7 78. Qg7+ Kf4 79.
Qxh7 Ke3 80. Qh6+ Ke4 81. Qg6+ Ke3 82. Qg3+ Kd2 83. Qf2+ Kd3 84. Bf5+ Kc3 85.
Qc2+ Kb4 86. Be6 Ka3 87. Qb3# {Hossa checkmated} 1-0

[Event "ICS rated blitz match"]
[Site "204.178.125.65"]
[Date "2000.10.12"]
[Round "?"]
[White "QueenMaxima"]
[Black "Hossa"]
[Result "0-1"]
[WhiteElo "2623"]
[BlackElo "2480"]
[PlyCount "172"]
[EventDate "2000.??.??"]

1. e3 g6 2. d4 Bg7 3. Nc3 d5 4. Nf3 Nf6 5. Bd3 O-O 6. O-O Nc6 7. b3 Nb4 8. Ba3
a5 9. Qd2 Bg4 10. Ne5 Bh5 11. f3 Nxd3 12. Qxd3 g5 13. Qb5 Rb8 14. Qxa5 Ra8 15.
Qc5 Re8 16. Bb4 c6 17. a4 Bg6 18. Nxg6 hxg6 19. Ne2 g4 20. Ba3 gxf3 21. Rxf3
Ne4 22. Qb4 Qc7 23. Raf1 b6 24. Qe1 b5 25. Nc3 Nxc3 26. Qxc3 Bf6 27. Qd3 bxa4
28. Bxe7 Qxe7 29. Rxf6 a3 30. R6f3 a2 31. Ra1 Qg5 32. c3 Ra3 33. Qc2 Rea8 34.
Kh1 Qe7 35. Rh3 Qe4 36. Qb2 Qd3 37. Rf3 Qb5 38. b4 Qc4 39. e4 Rb3 40. Qc1 dxe4
41. Re3 f5 42. g4 f4 43. Re1 Qxc3 44. Qxc3 Rxc3 45. Rxe4 Rb3 46. Ree1 Rxb4 47.
Kg2 Ra3 48. Rec1 Rb2+ 49. Kg1 f3 50. h3 f2+ 51. Kg2 Ra8 52. Rf1 Rf8 53. Rac1 g5
54. Ra1 Rd2 55. Rac1 Kh7 56. Ra1 Kg6 57. Rac1 Rf6 58. Kg3 Rb2 59. Kg2 Kf7 60.
h4 gxh4 61. g5 Rf4 62. Kh3 Ke8 63. g6 Rxd4 64. Rxc6 Rb3+ 65. Kh2 Rg4 66. Rc8+
Kd7 67. Rcc1 Rb2 68. Rfd1+ Ke7 69. Kh3 Rxg6 70. Kxh4 Rb1 71. Rxb1 axb1=Q 72.
Rxb1 Rg1 73. Rb7+ Kd6 74. Rb6+ Kc5 75. Rf6 Rh1+ 76. Kg3 f1=Q 77. Rxf1 Rxf1 78.
Kg2 Rf4 79. Kg3 Re4 80. Kg2 Kd4 81. Kf3 Kd3 82. Kg3 Ke2 83. Kg2 Re3 84. Kg1 Kf3
85. Kh2 Kf2 86. Kh1 Rh3# {QueenMaxima checkmated} 0-1

[Event "ICS rated blitz match"]
[Site "204.178.125.65"]
[Date "2000.10.12"]
[Round "?"]
[White "Hossa"]
[Black "counterplay"]
[Result "0-1"]
[WhiteElo "2502"]
[BlackElo "2815"]
[PlyCount "196"]
[EventDate "2000.??.??"]

1. e4 e5 2. Nf3 Nf6 3. Nxe5 d6 4. Nf3 Nxe4 5. d4 d5 6. Bd3 Bd6 7. O-O O-O 8. c4
c6 9. cxd5 cxd5 10. Nc3 Nxc3 11. bxc3 Bg4 12. Rb1 Nd7 13. h3 Bh5 14. Rb5 Nb6
15. c4 Bxf3 16. Qxf3 dxc4 17. Bc2 Qd7 18. a4 Rfe8 19. Be3 Re7 20. Rfb1 Rb8 21.
a5 Nc8 22. Be4 b6 23. a6 Qc7 24. g3 Re8 25. Rc1 Ba3 26. Rc3 Bf8 27. Bc6 Re6 28.
d5 Rf6 29. Bf4 Nd6 30. Qg4 Rg6 31. Qh4 Qc8 32. Bxd6 Bxd6 33. Rxc4 Rh6 34. Qg4
f5 35. Qg5 Rxh3 36. Rb1 Qxa6 37. Rbc1 Bc5 38. Bd7 Qa2 39. Be6+ Kh8 40. R4c2 Qb3
41. Kg2 Rh6 42. Rc3 Qb4 43. Rc4 Qb3 44. R4c3 Qb4 45. Rc4 Qa3 46. Qd2 Rf6 47.
Rh1 h6 48. Rch4 f4 49. Rxf4 Rbf8 50. Rxf6 Rxf6 51. f4 Rg6 52. g4 Qa4 53. Bf5
Rd6 54. g5 Qc4 55. Re1 Rd8 56. gxh6 gxh6 57. Re6 Rxd5 58. Rxh6+ Kg7 59. Qb2+
Bd4 60. Rh7+ Kf6 61. Qc2 Qxc2+ 62. Bxc2 a5 63. Kf3 Rd8 64. Bd3 a4 65. Rh6+ Ke7
66. Rh7+ Kd6 67. Ke4 Bb2 68. Rh6+ Kc7 69. Rh7+ Kc6 70. Rh6+ Rd6 71. Rxd6+ Kxd6
72. Bc4 a3 73. Kd3 b5 74. Bf7 b4 75. Bb3 Bf6 76. Kc4 Bc3 77. Kb5 Be1 78. f5 Ke5
79. Be6 Bd2 80. Kc6 Kd4 81. Kb5 Kc3 82. Ka4 Bh6 83. Bd5 Bf8 84. f6 Kb2 85. Kb5
b3 86. Kc6 Kc3 87. Kd7 a2 88. Ke8 a1=Q 89. Kf7 b2 90. Be4 Qa2+ 91. Kxf8 Qe6 92.
Bb1 Qxf6+ 93. Kg8 Kd4 94. Kh7 Ke5 95. Kg8 Qe7 96. Ba2 Kf6 97. Bf7 Qxf7+ 98. Kh8
Qg7# {Hossa checkmated} 0-1

[Event "ICS rated blitz match"]
[Site "204.178.125.65"]
[Date "2000.10.12"]
[Round "?"]
[White "Randolf-Raatass"]
[Black "Hossa"]
[Result "1-0"]
[WhiteElo "1950"]
[BlackElo "2497"]
[PlyCount "93"]
[EventDate "2000.??.??"]

1. e4 c5 2. Nf3 e6 3. d3 d5 4. Nbd2 Nc6 5. g3 Nf6 6. Bg2 Be7 7. O-O O-O 8. h4
b6 9. e5 Ng4 10. Re1 f6 11. exf6 Bxf6 12. Nf1 e5 13. N1h2 a6 14. c3 Qd6 15. Bg5
Bxg5 16. hxg5 Nxh2 17. Nxh2 Bf5 18. Qe2 Rae8 19. Rad1 Qe6 20. f4 Qf7 21. Qf3 e4
22. dxe4 dxe4 23. Qe2 Qxa2 24. Rd6 Na7 25. Rxb6 Nb5 26. g4 Bd7 27. f5 Kh8 28.
Nf1 Qa5 29. Rb7 Bc6 30. Rxg7 Kxg7 31. f6+ Kh8 32. Ne3 Qb6 33. Qf2 Qd8 34. Nf5
c4 35. Qh4 Re6 36. g6 Qb6+ 37. Kh1 Qb7 38. g7+ Qxg7 39. fxg7+ Kg8 40. gxf8=Q+
Kxf8 41. Qd8+ Be8 42. Rxe4 Nd6 43. Rxe6 Nxf5 44. gxf5 Kg7 45. Qxe8 a5 46. Qd7+
Kg8 47. Re8# {Hossa checkmated} 1-0

[Event "ICS rated blitz match"]
[Site "204.178.125.65"]
[Date "2000.10.12"]
[Round "?"]
[White "Hossa"]
[Black "Bergmann"]
[Result "1-0"]
[WhiteElo "2466"]
[BlackElo "2006"]
[PlyCount "21"]
[EventDate "2000.??.??"]

1. e4 d5 2. exd5 Qxd5 3. Nc3 Qa5 4. d4 c6 5. Nf3 Bg4 6. Be2 e6 7. O-O Bxf3 8.
Bxf3 Nf6 9. Ne2 Bd6 10. c4 c5 11. Bxb7 {Bergmann resigns} 1-0

[Event "ICS rated blitz match"]
[Site "204.178.125.65"]
[Date "2000.10.12"]
[Round "?"]
[White "Bergmann"]
[Black "Hossa"]
[Result "0-1"]
[WhiteElo "2004"]
[BlackElo "2468"]
[PlyCount "40"]
[EventDate "2000.??.??"]

1. e4 e5 2. c4 Nf6 3. Nc3 Bc5 4. g3 d6 5. h3 Nc6 6. Bg2 O-O 7. Nge2 Be6 8. d3
Nd7 9. O-O f5 10. Kh2 fxe4 11. Nxe4 Bf5 12. g4 Bxe4 13. dxe4 Bxf2 14. Qd5+ Kh8
15. Ng3 Bxg3+ 16. Kxg3 Rxf1 17. Bxf1 Qf8 18. Be3 Nf6 19. Qd3 Nb4 20. Qc2 Nxc2 {
Bergmann resigns} 0-1

[Event "ICS rated blitz match"]
[Site "204.178.125.65"]
[Date "2000.10.12"]
[Round "?"]
[White "jamiralles"]
[Black "Hossa"]
[Result "0-1"]
[WhiteElo "2235"]
[BlackElo "2466"]
[PlyCount "72"]
[EventDate "2000.??.??"]

1. e4 d5 2. exd5 Qxd5 3. Nc3 Qd6 4. d4 Nf6 5. Nf3 Bg4 6. Be2 c6 7. h3 Bf5 8.
O-O Nbd7 9. Be3 O-O-O 10. Bc4 e6 11. Qe2 Nb6 12. Bb3 Nbd5 13. Nxd5 exd5 14. c4
Qc7 15. Rac1 dxc4 16. Bxc4 Bb4 17. Bg5 Rhe8 18. Be3 Kb8 19. a3 Bd6 20. b4 h6
21. Rfd1 Bf4 22. Bxf4 Qxf4 23. Qd2 Qxd2 24. Rxd2 Ne4 25. Rdd1 Nd6 26. Bb3 Be4
27. Ne5 f6 28. Nc4 Nb5 29. f3 Bg6 30. Kf2 Nxd4 31. Rc3 Kc7 32. Ne3 Nb5 33. Rcc1
Rxd1 34. Rxd1 Nxa3 35. f4 Re4 36. b5 Rxf4+ {jamiralles resigns} 0-1

[Event "ICS rated blitz match"]
[Site "204.178.125.65"]
[Date "2000.10.12"]
[Round "?"]
[White "Hossa"]
[Black "Athlon900"]
[Result "0-1"]
[WhiteElo "2473"]
[BlackElo "2594"]
[PlyCount "106"]
[EventDate "2000.??.??"]

1. d4 Nf6 2. Bg5 e6 3. e4 h6 4. Bxf6 Qxf6 5. Nf3 Nc6 6. Nc3 Bb4 7. a3 Bxc3+ 8.
bxc3 O-O 9. Bd3 e5 10. d5 Ne7 11. O-O d6 12. Rb1 Ng6 13. Bc4 c6 14. Be2 Nf4 15.
Ne1 cxd5 16. exd5 b6 17. Kh1 e4 18. c4 Ba6 19. Rb4 Qg5 20. Ra4 Bc8 21. Rb4 Re8
22. c3 Qe5 23. Nc2 Qxc3 24. Re1 Bd7 25. Rb1 Ba4 26. Rc1 Bxc2 27. Rxc2 Qxa3 28.
Bg4 Nd3 29. Ree2 Re5 30. Bd7 Rd8 31. Bc6 Qc5 32. Qa1 Nb4 33. Rc3 Nxc6 34. dxc6
Qxc6 35. Qd1 b5 36. Rec2 b4 37. Rg3 Qc5 38. Kg1 e3 39. Rg4 Rde8 40. fxe3 Rxe3
41. Qd4 Re1+ 42. Kf2 Qf5+ 43. Rf4 Qxc2+ 44. Kg3 R8e3+ 45. Rf3 Rxf3+ 46. gxf3
Qg6+ 47. Kh3 Rg1 48. Qg4 Qxg4+ 49. fxg4 b3 50. Kh4 b2 51. h3 b1=Q 52. Kh5 Qg6+
53. Kh4 Qg5# {Hossa checkmated} 0-1

[Event "ICS rated blitz match"]
[Site "204.178.125.65"]
[Date "2000.10.12"]
[Round "?"]
[White "Hossa"]
[Black "Zippy"]
[Result "1-0"]
[WhiteElo "2462"]
[BlackElo "2460"]
[PlyCount "103"]
[EventDate "2000.??.??"]

1. e4 c5 2. Nf3 Nc6 3. d4 cxd4 4. Nxd4 Qc7 5. Nb5 Qb8 6. Bd3 Nf6 7. O-O e5 8.
Bg5 a6 9. N5c3 Be7 10. Qd2 h6 11. Be3 Ng4 12. Bb6 Bg5 13. Qe2 d6 14. Nd5 Bd8
15. Bxd8 Nxd8 16. Qf3 Rg8 17. h3 Nf6 18. Nxf6+ gxf6 19. Nc3 Be6 20. Nd5 Bxd5
21. exd5 Qc8 22. Qxf6 Qxh3 23. Be4 Qd7 24. f4 Qe7 25. Qxh6 Rg4 26. Bf5 Rg8 27.
fxe5 dxe5 28. d6 Qg5 29. Qh3 Rb8 30. d7+ Kf8 31. Rad1 b5 32. Be4 Rb6 33. Rf5
Qe7 34. Rd5 Re6 35. Rh5 Qf6 36. Qa3+ Qe7 37. Qe3 Nc6 38. c3 Nd8 39. Bf5 Rd6 40.
Rxe5 Rd1+ 41. Kf2 Ne6 42. Bxe6 Rd6 43. Rh7 Rg6 44. Bf5 Rxd7 45. Bxg6 Qf6+ 46.
Ke2 Re7 47. Rxe7 Qxe7 48. Rh8+ Kg7 49. Qxe7 Kxg6 50. Rg8+ Kf5 51. g4+ Kf4 52.
Qe3# {Zippy checkmated} 1-0

[Event "ICS rated blitz match"]
[Site "204.178.125.65"]
[Date "2000.10.12"]
[Round "?"]
[White "Zippy"]
[Black "Hossa"]
[Result "1-0"]
[WhiteElo "2444"]
[BlackElo "2478"]
[PlyCount "221"]
[EventDate "2000.??.??"]

1. e4 d5 2. exd5 Qxd5 3. Nc3 Qd6 4. d4 Nf6 5. Nf3 Bg4 6. h3 Bxf3 7. Qxf3 c6 8.
Be3 Nd5 9. Nxd5 Qxd5 10. Be2 Qxf3 11. Bxf3 Nd7 12. d5 Ne5 13. Be4 e6 14. dxc6
Nxc6 15. O-O-O f5 16. Bf3 Be7 17. g4 Rf8 18. gxf5 Rxf5 19. Be4 Ra5 20. Bxh7
Rxa2 21. Kb1 Ra5 22. Rhg1 Bf6 23. c3 Rc8 24. Be4 Ke7 25. Bf4 g5 26. Bd6+ Kf7
27. f4 gxf4 28. Bg6+ Kg7 29. Bxf4 Ne7 30. Be4+ Kf7 31. Bxb7 Rh8 32. Bc7 Rb5 33.
Ba6 Rd5 34. Rdf1 Rxh3 35. Bf4 Ng6 36. Bg5 Rf5 37. Rxf5 exf5 38. Bc4+ Kg7 39.
Bc1 Be7 40. Bf1 Rh8 41. Be3 a5 42. Bc4 Rb8 43. Kc2 Rh8 44. Rg2 Rf8 45. b3 Rb8
46. Bd3 Rf8 47. Bd4+ Kh6 48. Rh2+ Bh4 49. c4 Rf7 50. c5 Kg5 51. c6 Bg3 52. Rg2
Kf4 53. Rg1 Ne7 54. Bc5 Kg4 55. Bd6 f4 56. c7 Nc8 57. Bc4 Rf6 58. Be5 Rc6 59.
Kd2 Kf5 60. Bc3 Rxc7 61. Bxa5 Rd7+ 62. Bd3+ Ke5 63. Bc3+ Ke6 64. Kc2 Nd6 65.
Rh1 Rc7 66. Rh6+ Kd5 67. Be2 Kc6 68. Kb2 Rd7 69. Bg4 Rd8 70. Bf3+ Kb5 71. Rh5+
Ka6 72. Ra5+ Kb6 73. Rd5 Nb7 74. Ba5+ Nxa5 75. Rxd8 Bf2 76. Rb8+ Kc7 77. Rb4
Be3 78. Kc3 Kd7 79. Rb5 Nc6 80. Rh5 Bd4+ 81. Kd3 Bb2 82. Rh7+ Ne7 83. b4 Ke6
84. b5 Nd5 85. Rh6+ Nf6 86. b6 Be5 87. b7 Kf7 88. Rh2 Kg6 89. Re2 Bb8 90. Rc2
Nd7 91. Ke4 Nf6+ 92. Kd4 Kf5 93. Rc5+ Ke6 94. Rc6+ Kf5 95. Rb6 Be5+ 96. Kd3 Bb8
97. Bg2 Ke5 98. Bh3 Nh7 99. Re6+ Kd5 100. Re8 Bc7 101. Re7 Bb8 102. Rxh7 Kc6
103. Bg2+ Kc5 104. Rh8 Bd6 105. Rc8+ Bc7 106. b8=Q Kd6 107. Qxc7+ Ke6 108. Qb6+
Kf5 109. Bh3+ Kg5 110. Rh8 f3 111. Qh6# {Hossa checkmated} 1-0

[Event "ICS Rated blitz match"]
[Site "204.178.125.65"]
[Date "2000.10.12"]
[Round "?"]
[White "Hossa"]
[Black "riffifi"]
[Result "1-0"]
[WhiteElo "2460"]
[BlackElo "2347"]
[PlyCount "99"]
[EventDate "2000.??.??"]

1. e4 e6 2. d4 d5 3. Nc3 Nf6 4. Bg5 Bb4 5. e5 h6 6. Bd2 Bxc3 7. bxc3 Ne4 8. Nf3
c5 9. Bd3 Nxd2 10. Qxd2 Nc6 11. dxc5 Qa5 12. O-O Qxc5 13. Rfe1 Bd7 14. Reb1 b6
15. Rb5 Qe7 16. c4 dxc4 17. Bxc4 Na5 18. Rb4 O-O 19. Ba6 Bc6 20. Rg4 Kh8 21.
Qd6 Qxd6 22. exd6 Rad8 23. Rd1 f5 24. Rg3 Bd5 25. Ne5 Kg8 26. c4 Be4 27. Re3
Nc6 28. Rxe4 Nb4 29. Re3 Nxa6 30. Ra3 Nc5 31. Rxa7 Ra8 32. Rxa8 Rxa8 33. d7 Rd8
34. Rd6 Kf8 35. f4 Ke7 36. Rd1 Nxd7 37. Nc6+ Ke8 38. Nxd8 Kxd8 39. Rd3 Kc7 40.
Re3 Kd6 41. Kf1 Nc5 42. Rg3 g5 43. fxg5 hxg5 44. Rxg5 Ne4 45. Rg8 Nd2+ 46. Kf2
Nxc4 47. h4 e5 48. h5 e4 49. h6 f4 50. h7 {riffifi resigns} 1-0

[Event "ICS rated blitz match"]
[Site "204.178.125.65"]
[Date "2000.10.12"]
[Round "?"]
[White "Colorado"]
[Black "Hossa"]
[Result "1-0"]
[WhiteElo "2678"]
[BlackElo "2471"]
[PlyCount "157"]
[EventDate "2000.??.??"]

1. e4 e5 2. Nf3 Nc6 3. Bc4 Bc5 4. c3 Nf6 5. d4 exd4 6. cxd4 Bb4+ 7. Bd2 Bxd2+
8. Nbxd2 d5 9. exd5 Nxd5 10. Qb3 Na5 11. Qa4+ Nc6 12. O-O O-O 13. Qc2 Ndb4 14.
Qb3 a5 15. a3 a4 16. Qd1 Nd5 17. Bb5 Nde7 18. Re1 Bg4 19. Bxa4 Nxd4 20. Re4
Nxf3+ 21. Nxf3 Be6 22. Qe2 Nd5 23. Re1 Qf6 24. Bc2 Nf4 25. Qd2 Ng6 26. Rb4 Rfd8
27. Qc1 c5 28. Rb5 Bd5 29. Rxc5 Nf4 30. Qe3 Nh3+ 31. Kf1 Bxf3 32. Qxf3 Qxf3 33.
gxf3 Rd2 34. Re2 Rxe2 35. Kxe2 Nf4+ 36. Ke3 Ng2+ 37. Kd4 Rd8+ 38. Kc4 Rb8 39.
Be4 b6 40. Rc6 Nf4 41. Kb5 Re8 42. b4 f5 43. Bc2 Re2 44. Bb3+ Kf8 45. Rc2 Re1
46. Kxb6 Rb1 47. Rc8+ Ke7 48. Bc2 Ra1 49. a4 Ra3 50. a5 Nd5+ 51. Kb5 g6 52. a6
Kd7 53. Rc4 Nc7+ 54. Kb6 Nxa6 55. b5 Nb8 56. Kb7 Rxf3 57. Kxb8 Kd6 58. b6 Kd5
59. Rc7 Rxf2 60. b7 Rf4 61. Rxh7 Rb4 62. Rh3 Kc6 63. Rb3 Rh4 64. Rg3 g5 65.
Rxg5 Rb4 66. Kc8 Rxb7 67. Rg6+ Kd5 68. Kxb7 f4 69. h4 Kd4 70. h5 f3 71. h6 f2
72. h7 f1=Q 73. h8=Q+ Ke3 74. Qc3+ Ke2 75. Re6+ Kf2 76. Qe3+ Kg2 77. Be4+ Kh2
78. Rh6+ Qh3 79. Rxh3# {Hossa checkmated} 1-0

[Event "ICS rated blitz match"]
[Site "204.178.125.65"]
[Date "2000.10.13"]
[Round "?"]
[White "Hossa"]
[Black "legaleagle"]
[Result "1-0"]
[WhiteElo "2464"]
[BlackElo "2205"]
[PlyCount "39"]
[EventDate "2000.??.??"]

1. e4 Nf6 2. Bc4 d6 3. d3 g6 4. Ne2 Bg7 5. O-O c6 6. Bg5 h6 7. Be3 b5 8. Bb3 a5
9. a4 b4 10. Nd2 Nbd7 11. f4 e5 12. Nc4 Qe7 13. Qd2 Ba6 14. Nxa5 c5 15. Nc6 Qf8
16. fxe5 dxe5 17. Ba2 Qd6 18. Na5 Bxd3 19. Nc4 Nxe4 20. Nxd6+ {
legaleagle resigns} 1-0

[Event "ICS rated blitz match"]
[Site "204.178.125.65"]
[Date "2000.10.13"]
[Round "?"]
[White "Hossa"]
[Black "counterplay"]
[Result "0-1"]
[WhiteElo "2470"]
[BlackElo "2821"]
[PlyCount "158"]
[EventDate "2000.??.??"]

1. e4 c5 2. Nf3 Nc6 3. Bb5 g6 4. O-O Bg7 5. Bxc6 dxc6 6. d3 e5 7. Be3 Qe7 8.
Nc3 Nf6 9. Bg5 O-O 10. Qd2 Bd7 11. a3 Qd6 12. h3 Rad8 13. Qe3 Rfe8 14. Bh6 Bxh6
15. Qxh6 b6 16. b3 Qf8 17. Qxf8+ Kxf8 18. a4 Re7 19. a5 b5 20. a6 Ne8 21. Ng5
f6 22. Nf3 Nc7 23. Ra2 Rb8 24. Rfa1 Bc8 25. g4 Rb6 26. g5 fxg5 27. Nxg5 h6 28.
Nf3 Bxh3 29. Kh2 Bc8 30. Nh4 Re6 31. Ne2 g5 32. Nf5 Rf6 33. Neg3 Rxa6 34. Rxa6
Nxa6 35. Nh5 Rg6 36. Nhg3 Ke8 37. Kg2 Kf8 38. Kh2 Re6 39. Kg2 Kg8 40. c3 b4 41.
cxb4 cxb4 42. d4 exd4 43. Nxd4 Rg6 44. e5 Kf8 45. Kh2 c5 46. Nb5 Rb6 47. Ne4
Rxb5 48. Nd6 Rb8 49. Nxc8 Rxc8 50. Rxa6 Re8 51. Rxh6 Rxe5 52. Ra6 Re2 53. Kg2
Rb2 54. Ra5 Rxb3 55. Rxc5 Ra3 56. Rxg5 b3 57. Rb5 a5 58. Rb8+ Ke7 59. Kf3 a4
60. Ke4 Ra1 61. Rb6 Re1+ 62. Kd5 Re2 63. Rb7+ Kf6 64. Rb6+ Kf5 65. Rb8 b2 66.
Rf8+ Kg6 67. Rg8+ Kh7 68. Rg1 a3 69. Rh1+ Kg6 70. Rh3 b1=Q 71. Rg3+ Kf7 72.
Rf3+ Ke8 73. Rg3 Qe4+ 74. Kc5 Rc2+ 75. Kb5 Qc6+ 76. Kb4 Qc5+ 77. Ka4 Rc4+ 78.
Kb3 Qb4+ 79. Ka2 Qb2# {Hossa checkmated} 0-1